Day #46: Countries 4600 km away from Djibouti - Statistics

General Stats
  • This quiz has been taken 9 times
  • The average score is 19 of 23
Answer Stats
Answer % Correct
China
100%
India
100%
Nepal
100%
Russia
100%
South Africa
100%
Kazakhstan
89%
Kyrgyzstan
89%
Namibia
89%
Niger
89%
Algeria
78%
Angola
78%
Belarus
78%
Benin
78%
Burkina Faso
78%
Italy
78%
Mali
78%
Poland
78%
Togo
78%
Ukraine
78%
Botswana
67%
Croatia
67%
Hungary
67%
Slovakia
67%
No matching quizzes found
Score Distribution
Percent of People with Each Score
Percentile by Number Answered
Your Score History
You have not taken this quiz